[Event "ODJM C 2019"]
[Site "Willingen GER"]
[Date "2019.06.13"]
[Round "7"]
[White "Fahlbusch, Niclas"]
[Black "Fröhlich, Niklas"]
[Result "0-1"]
[Termination "normal"]
[Board "21"]
[WhiteElo "1057"]
[BlackElo "1261"]
[PlyCount "62"]
[WhiteFideId "16271548"]
[BlackFideId "16245016"]
[EventCountry "GER"]
[EventRounds "9"]
[EventType "swiss"]
[EventDate "2019.06.08"]

1. d4 Nf6 2. Nc3 d5 3. Bf4 c5 4. e3 cxd4 5. exd4 a6 6. Nf3 Nc6 7. g3 Bf5 8. Bg2
e6 9. O-O Bd6 10. Ne5 Qb6 11. Nxc6 Qxc6 12. Bxd6 Qxd6 13. Ne2 O-O 14. Nf4 Rac8
15. c3 Qb6 16. Qd2 Rfe8 17. h3 h6 18. Bf3 Ne4 19. Bxe4 Bxe4 20. h4 e5 21. dxe5
Rxe5 22. Rae1 Rce8 23. b3 Kh7 24. Kh2 g5 25. Nd3 R5e6 26. f3 Qd6 27. hxg5 hxg5
28. f4 Rh6+ 29. Kg1 Rh1+ 30. Kf2 Rh2+ 31. Ke3 Bxd3+ 0-1

[Event "ODJM C 2019"]
[Site "Willingen GER"]
[Date "2019.06.13"]
[Round "7"]
[White "Wilmink, Luca"]
[Black "Borriss, Emma"]
[Result "0-1"]
[Termination "normal"]
[Board "23"]
[WhiteElo "1283"]
[BlackElo "1052"]
[PlyCount "66"]
[WhiteFideId "16245253"]
[BlackFideId "16287517"]
[EventCountry "GER"]
[EventRounds "9"]
[EventType "swiss"]
[EventDate "2019.06.08"]

1. e4 e5 2. Nf3 Nc6 3. Bc4 Nf6 4. d3 Bc5 5. Be3 Bb6 6. Nbd2 d6 7. c3 O-O 8. h3
h6 9. O-O a6 10. b4 Be6 11. a4 d5 12. exd5 Nxd5 13. Bxb6 Nxb6 14. b5 Nxc4 15.
Nxc4 Bxc4 16. dxc4 Qxd1 17. Rfxd1 Na5 18. Nxe5 Rfe8 19. Nd7 Nxc4 20. Nc5 Nd6
21. Rab1 axb5 22. axb5 b6 23. Na6 Nxb5 24. Rxb5 Rxa6 25. Rd7 c6 26. Rb3 Rc8 27.
Rb7 b5 28. Kf1 Ra2 29. Rb6 Rd8 30. g3 Rdd2 31. Rxc6 Rxf2+ 32. Ke1 Rh2 33. Rd6
Rh1# 0-1

[Event "ODJM C 2019"]
[Site "Willingen GER"]
[Date "2019.06.13"]
[Round "7"]
[White "Pauser, Kilian"]
[Black "Schilay, Vinzenz"]
[Result "0-1"]
[Termination "normal"]
[Board "24"]
[WhiteElo "995"]
[BlackElo "1111"]
[PlyCount "68"]
[WhiteFideId "16287584"]
[BlackFideId "12983209"]
[EventCountry "GER"]
[EventRounds "9"]
[EventType "swiss"]
[EventDate "2019.06.08"]

1. e4 e5 2. Nf3 Nc6 3. Bc4 Bc5 4. b4 Bxb4 5. c3 Ba5 6. d4 exd4 7. O-O dxc3 8.
Qb3 Qf6 9. Bg5 Qg6 10. Nxc3 Bxc3 11. Qxc3 Nf6 12. e5 Ne4 13. Qe3 O-O 14. Bd3 d5
15. exd6 f5 16. Bc4+ Kh8 17. dxc7 Be6 18. Bb5 Rfc8 19. Bf4 Nb4 20. Ne5 Qf6 21.
Nd7 Qe7 22. Qa3 Bxd7 23. Bxd7 Qxd7 24. Qxb4 b6 25. Rad1 Qf7 26. f3 Nc5 27. Rd2
h6 28. Rfd1 Qe7 29. Rd7 Qe8 30. R7d5 a5 31. Qxb6 Kh7 32. Qxc5 a4 33. Rd8 Rxd8
34. Rxd8 Qe1# 0-1

[Event "ODJM C 2019"]
[Site "Willingen GER"]
[Date "2019.06.13"]
[Round "7"]
[White "Frank, Cillian"]
[Black "Laag, Elena"]
[Result "1-0"]
[Termination "normal"]
[Board "25"]
[WhiteElo "1309"]
[BlackElo "841"]
[PlyCount "101"]
[WhiteFideId "16245202"]
[BlackFideId "16287576"]
[EventCountry "GER"]
[EventRounds "9"]
[EventType "swiss"]
[EventDate "2019.06.08"]

1. e4 e5 2. f4 exf4 3. Nf3 Be7 4. Bc4 Nf6 5. Nc3 Nc6 6. d4 d6 7. Bxf4 O-O 8.
O-O Be6 9. d5 Bd7 10. dxc6 Bxc6 11. Bd5 Bxd5 12. Nxd5 Nxe4 13. Re1 f5 14. Nd2
Bg5 15. Nxe4 Bxf4 16. Nxf4 fxe4 17. Ne6 Qh4 18. Nxf8 Rxf8 19. Qd5+ Rf7 20. Rf1
Qh5 21. Qxf7+ Qxf7 22. Rxf7 Kxf7 23. Kf2 c5 24. Ke3 d5 25. Rf1+ Ke6 26. c3 g5
27. Rf8 Ke5 28. Re8+ Kd6 29. Rg8 h6 30. b4 b6 31. Rg6+ Ke5 32. bxc5 bxc5 33.
Rc6 d4+ 34. cxd4+ cxd4+ 35. Ke2 d3+ 36. Ke3 h5 37. Rc4 Kd5 38. Rxe4 a5 39. Rd4+
Ke5 40. Rxd3 g4 41. Rb3 a4 42. Rb5+ Kf6 43. Kf4 Kg6 44. Rb6+ Kh7 45. Kg5 a3 46.
Rb7+ Kg8 47. Kf6 h4 48. h3 gxh3 49. gxh3 Kh8 50. Kg6 Kg8 51. Rb8# 1-0

[Event "ODJM C 2019"]
[Site "Willingen GER"]
[Date "2019.06.13"]
[Round "7"]
[White "Laux, Filip"]
[Black "Weidenhöfer, Ben"]
[Result "1/2-1/2"]
[Termination "normal"]
[Board "26"]
[WhiteElo "1155"]
[BlackElo "821"]
[PlyCount "57"]
[WhiteFideId "16275730"]
[BlackFideId "16273702"]
[EventCountry "GER"]
[EventRounds "9"]
[EventType "swiss"]
[EventDate "2019.06.08"]

1. e4 e5 2. Nf3 Nc6 3. Bc4 Bc5 4. c3 Nf6 5. d3 h6 6. Nbd2 O-O 7. O-O d5 8. exd5
Nxd5 9. Re1 Qd6 10. Nf1 Nf6 11. Ng3 Ng4 12. Rf1 Be6 13. Bxe6 fxe6 14. h3 Nf6
15. Re1 Rad8 16. b4 Bb6 17. Bb2 a6 18. Rc1 Qxd3 19. Qxd3 Rxd3 20. Nxe5 Nxe5 21.
Rxe5 Rd2 22. Re2 Rxe2 23. Nxe2 Ne4 24. Nd4 Bxd4 25. cxd4 Rxf2 26. Re1 Rxb2 27.
Rxe4 Rxb4 28. Rxe6 Rxd4 29. Re7 1/2-1/2

[Event "ODJM C 2019"]
[Site "Willingen GER"]
[Date "2019.06.13"]
[Round "7"]
[White "Chassard, Cecilia"]
[Black "Wartenberg, Alexander"]
[Result "0-1"]
[Termination "normal"]
[Board "29"]
[WhiteElo "915"]
[BlackElo "1002"]
[PlyCount "54"]
[WhiteFideId "16271831"]
[BlackFideId "16280768"]
[EventCountry "GER"]
[EventRounds "9"]
[EventType "swiss"]
[EventDate "2019.06.08"]

1. e4 e5 2. Nf3 Nc6 3. Bc4 Bc5 4. Nc3 Nf6 5. d3 h6 6. Be3 Bd4 7. Bxd4 Nxd4 8.
Nxd4 exd4 9. e5 dxc3 10. exf6 Qxf6 11. bxc3 Qxc3+ 12. Kf1 O-O 13. Rc1 d6 14.
Qe1 Qxe1+ 15. Rxe1 Bd7 16. Rg1 Rfe8 17. g4 Rxe1+ 18. Kxe1 g6 19. g5 hxg5 20.
Rxg5 Kg7 21. h4 Kf6 22. h5 Kxg5 23. hxg6 fxg6 24. Kf1 Kf4 25. d4 Rh8 26. Bd3
Kf3 27. Bxg6 Rh1# 0-1

[Event "ODJM C 2019"]
[Site "Willingen GER"]
[Date "2019.06.15"]
[Round "9"]
[White "Fink, Anton"]
[Black "Färber, Sophie"]
[Result "1/2-1/2"]
[Termination "normal"]
[Board "1"]
[WhiteElo "1478"]
[BlackElo "1409"]
[WhiteClock "00:30:29"]
[BlackClock "00:53:33"]
[PlyCount "94"]
[WhiteFideId "16235703"]
[BlackFideId "16239121"]
[EventCountry "GER"]
[EventRounds "9"]
[EventType "swiss"]
[EventDate "2019.06.08"]

1. e4 {[%clk 1:30:59]} 1... e6 {[%clk 1:30:51]} 2. d4 {[%clk 1:30:28]} 2... d5
{[%clk 1:31:16]} 3. Nd2 {[%clk 1:29:30]} 3... Nf6 {[%clk 1:31:06]} 4. e5 {
[%clk 1:27:50]} 4... Nfd7 {[%clk 1:31:32]} 5. Bd3 {[%clk 1:24:56]} 5... c5 6.
c3 {[%clk 1:23:56]} 6... Nc6 {[%clk 1:32:03]} 7. Ne2 {[%clk 1:21:33]} 7... cxd4
{[%clk 1:32:04]} 8. cxd4 {[%clk 1:21:28]} 8... f6 {[%clk 1:32:01]} 9. exf6 {
[%clk 1:20:45]} 9... Nxf6 {[%clk 1:32:07]} 10. O-O {[%clk 1:17:59]} 10... Bd6 {
[%clk 1:29:23]} 11. Nf3 {[%clk 1:15:56]} 11... O-O {[%clk 1:23:43]} 12. Bg5 {
[%clk 1:15:37]} 12... Qb6 {[%clk 1:11:54]} 13. Qc2 {[%clk 1:08:15]} 13... Nb4 {
[%clk 0:55:00]} 14. Qd2 {[%clk 1:04:24]} 14... Nxd3 {[%clk 0:51:51]} 15. Qxd3
15... Qxb2 {[%clk 0:48:43]} 16. Bf4 {[%clk 1:01:31]} 16... Qa3 {[%clk 0:41:55]}
17. Qc2 {[%clk 0:57:54]} 17... Ne4 {[%clk 0:39:46]} 18. Bxd6 {[%clk 0:50:43]}
18... Qxd6 {[%clk 0:38:52]} 19. Ng3 {[%clk 0:48:03]} 19... Bd7 {[%clk 0:32:34]}
20. Nxe4 {[%clk 0:44:52]} 20... dxe4 {[%clk 0:32:00]} 21. Qxe4 {[%clk 0:41:05]}
21... Bc6 {[%clk 0:29:57]} 22. Qe5 {[%clk 0:37:05]} 22... Qxe5 {[%clk 0:30:17]}
23. Nxe5 {[%clk 0:37:20]} 23... Rad8 {[%clk 0:30:25]} 24. Nxc6 {[%clk 0:35:16]}
24... bxc6 {[%clk 0:30:03]} 25. Rac1 {[%clk 0:34:24]} 25... Rd6 {[%clk 0:29:26]
} 26. Rc4 {[%clk 0:26:54]} 26... Rf4 {[%clk 0:25:57]} 27. Ra4 {[%clk 0:23:24]}
27... Rd7 {[%clk 0:25:41]} 28. Ra6 {[%clk 0:21:54]} 28... Rc7 {[%clk 0:25:37]}
29. Rd1 {[%clk 0:19:48]} 29... Rff7 {[%clk 0:25:32]} 30. g3 {[%clk 0:19:10]}
30... Rfd7 {[%clk 0:25:55]} 31. Rc1 {[%clk 0:17:15]} 31... Rd6 {[%clk 0:25:27]}
32. f4 {[%clk 0:16:32]} 32... Rxd4 {[%clk 0:24:17]} 33. Raxc6 {[%clk 0:15:46]}
33... Rxc6 {[%clk 0:24:41]} 34. Rxc6 {[%clk 0:16:09]} 34... Rd1+ { [%clk
0:25:00]} 35. Kg2 {[%clk 0:15:24]} 35... Rd2+ {[%clk 0:25:27]} 36. Kh3 { [%clk
0:15:46]} 36... Rxa2 {[%clk 0:25:54]} 37. Rxe6 {[%clk 0:15:42]} 37... Ra1
{[%clk 0:25:47]} 38. Kg4 {[%clk 0:15:37]} 38... Kf7 {[%clk 0:25:02]} 39. Rc6 {
[%clk 0:15:28]} 39... h6 {[%clk 0:24:09]} 40. Rc7+ {[%clk 0:13:32]} 40... Kg8 {
[%clk 0:24:28]} 41. f5 {[%clk 0:11:49]} 41... a5 {[%clk 0:23:35]} 42. Kh5 {
[%clk 0:07:14]} 42... Rh1 {[%clk 0:23:21]} 43. Kg6 {[%clk 0:04:13]} 43... Kf8 {
[%clk 0:23:39]} 44. Rf7+ {[%clk 0:03:18]} 44... Ke8 {[%clk 0:23:57]} 45. Kxg7 {
[%clk 0:01:20]} 45... Rxh2 {[%clk 0:23:50]} 46. Rf8+ {[%clk 0:30:25]} 46... Kd7
{[%clk 0:54:06]} 47. Ra8 {[%clk 0:30:29]} 47... Rg2 {[%clk 0:53:33]} 1/2-1/2

[Event "ODJM C 2019"]
[Site "Willingen GER"]
[Date "2019.06.15"]
[Round "9"]
[White "Apel, Linus"]
[Black "Strübel, Tobias"]
[Result "1-0"]
[Termination "normal"]
[Board "2"]
[WhiteElo "1410"]
[BlackElo "1337"]
[WhiteClock "00:01:52"]
[BlackClock "00:05:10"]
[PlyCount "119"]
[WhiteFideId "16265785"]
[BlackFideId "16284860"]
[EventCountry "GER"]
[EventRounds "9"]
[EventType "swiss"]
[EventDate "2019.06.08"]

1. e4 {[%clk 1:30:58]} 1... e6 {[%clk 1:30:55]} 2. d4 {[%clk 1:31:20]} 2... d5
{[%clk 1:31:19]} 3. Nc3 {[%clk 1:31:44]} 3... dxe4 {[%clk 1:31:37]} 4. Nxe4 {
[%clk 1:31:42]} 4... Nd7 {[%clk 1:31:59]} 5. c3 {[%clk 1:29:27]} 5... Ngf6 {
[%clk 1:32:12]} 6. Bd3 {[%clk 1:27:47]} 6... Be7 {[%clk 1:30:46]} 7. Nf3 {
[%clk 1:27:41]} 7... O-O {[%clk 1:30:06]} 8. O-O {[%clk 1:27:42]} 8... c5 {
[%clk 1:27:12]} 9. Be3 {[%clk 1:22:16]} 9... cxd4 {[%clk 1:24:12]} 10. Bxd4 {
[%clk 1:19:28]} 10... Qc7 {[%clk 1:19:53]} 11. Qe2 {[%clk 1:12:58]} 11... Nd5 {
[%clk 1:13:20]} 12. Bc2 {[%clk 1:09:59]} 12... e5 {[%clk 1:07:02]} 13. Be3 {
[%clk 1:09:32]} 13... Nxe3 14. Qxe3 {[%clk 1:09:44]} 14... f5 {[%clk 1:01:56]}
15. Neg5 {[%clk 1:06:50]} 15... Qd6 {[%clk 0:56:38]} 16. Bb3+ {[%clk 1:06:33]}
16... Kh8 {[%clk 0:54:10]} 17. Nf7+ {[%clk 1:06:40]} 17... Rxf7 {[%clk 0:54:31]
} 18. Bxf7 {[%clk 1:07:00]} 18... e4 {[%clk 0:50:29]} 19. Nd4 {[%clk 1:06:40]}
19... Ne5 {[%clk 0:49:19]} 20. Bb3 {[%clk 1:05:48]} 20... Ng4 {[%clk 0:49:15]}
21. Qh3 {[%clk 0:56:58]} 21... f4 {[%clk 0:45:30]} 22. Qh5 {[%clk 0:56:25]}
22... f3 {[%clk 0:36:32]} 23. g3 {[%clk 0:56:36]} 23... Nf6 {[%clk 0:36:36]}
24. Qb5 {[%clk 0:52:02]} 24... a6 {[%clk 0:33:00]} 25. Qg5 {[%clk 0:46:29]}
25... Bh3 {[%clk 0:24:29]} 26. Rfd1 {[%clk 0:46:09]} 26... Qd7 {[%clk 0:22:19]}
27. Ne6 {[%clk 0:42:38]} 27... Ne8 {[%clk 0:18:26]} 28. Rxd7 {[%clk 0:41:14]}
28... Bxg5 {[%clk 0:18:35]} 29. Rxb7 {[%clk 0:40:13]} 29... Bd2 {[%clk 0:18:08]
} 30. Rd1 {[%clk 0:39:54]} 30... e3 {[%clk 0:18:13]} 31. Rd7 {[%clk 0:38:39]}
31... Nc7 {[%clk 0:16:19]} 32. R7xd2 {[%clk 0:28:45]} 32... exd2 { [%clk
0:16:30]} 33. Nxc7 {[%clk 0:28:25]} 33... Rc8 {[%clk 0:15:35]} 34. Rxd2 { [%clk
0:27:32]} 34... g6 {[%clk 0:15:47]} 35. Nd5 {[%clk 0:23:11]} 35... h5 { [%clk
0:13:59]} 36. Nf4 {[%clk 0:22:59]} 36... Re8 {[%clk 0:12:40]} 37. Rd1 { [%clk
0:22:42]} 37... Bf5 {[%clk 0:12:19]} 38. h4 {[%clk 0:22:41]} 38... Re7 { [%clk
0:11:04]} 39. Bc4 {[%clk 0:15:54]} 39... g5 {[%clk 0:10:11]} 40. hxg5 { [%clk
0:10:40]} 40... a5 {[%clk 0:10:06]} 41. g6 {[%clk 0:08:41]} 41... Re4 { [%clk
0:07:38]} 42. Bd3 {[%clk 0:08:03]} 42... Re5 {[%clk 0:07:07]} 43. Bxf5 { [%clk
0:07:47]} 43... Rxf5 {[%clk 0:07:26]} 44. Rd3 {[%clk 0:08:08]} 44... h4 45.
Rxf3 {[%clk 0:07:34]} 45... hxg3 {[%clk 0:06:34]} 46. fxg3 {[%clk 0:07:37]}
46... Rb5 {[%clk 0:06:50]} 47. Rf2 {[%clk 0:07:32]} 47... Rg5 {[%clk 0:06:46]}
48. Rh2+ {[%clk 0:07:13]} 48... Kg8 {[%clk 0:06:50]} 49. Kg2 {[%clk 0:06:41]}
49... Rb5 {[%clk 0:07:08]} 50. Kf3 {[%clk 0:06:57]} 50... a4 {[%clk 0:07:08]}
51. Ke4 {[%clk 0:06:33]} 51... Ra5 {[%clk 0:06:55]} 52. Rh5 {[%clk 0:06:21]}
52... Ra6 {[%clk 0:06:43]} 53. Rd5 {[%clk 0:05:37]} 53... a3 {[%clk 0:06:43]}
54. b3 {[%clk 0:04:42]} 54... Rc6 {[%clk 0:06:15]} 55. c4 {[%clk 0:04:47]}
55... Kg7 {[%clk 0:06:22]} 56. Rd7+ {[%clk 0:04:03]} 56... Kg8 {[%clk 0:06:37]}
57. Nh5 {[%clk 0:00:55]} 57... Rxg6 {[%clk 0:04:50]} 58. Rg7+ {[%clk 0:01:15]}
58... Rxg7 {[%clk 0:04:47]} 59. Nxg7 {[%clk 0:01:39]} 59... Kxg7 { [%clk
0:05:10]} 60. Ke5 {[%clk 0:01:52]} 1-0

[Event "ODJM C 2019"]
[Site "Willingen GER"]
[Date "2019.06.15"]
[Round "9"]
[White "Foos, Vanessa"]
[Black "Navarro Jahnke, Eric"]
[Result "0-1"]
[Termination "normal"]
[Board "3"]
[WhiteElo "1207"]
[BlackElo "1259"]
[WhiteClock "01:10:10"]
[BlackClock "01:09:05"]
[PlyCount "42"]
[WhiteFideId "16245270"]
[BlackFideId "16234138"]
[EventCountry "GER"]
[EventRounds "9"]
[EventType "swiss"]
[EventDate "2019.06.08"]

1. d4 {[%clk 1:30:58]} 1... d5 {[%clk 1:30:51]} 2. c4 {[%clk 1:31:22]} 2... e6
{[%clk 1:30:51]} 3. e3 {[%clk 1:31:48]} 3... Nf6 {[%clk 1:30:24]} 4. Nf3 {
[%clk 1:32:03]} 4... c5 {[%clk 1:30:10]} 5. b3 {[%clk 1:31:29]} 5... Nc6 {
[%clk 1:29:43]} 6. Nc3 {[%clk 1:31:42]} 6... cxd4 {[%clk 1:28:26]} 7. Nxd4 {
[%clk 1:26:25]} 7... Bb4 {[%clk 1:27:59]} 8. Bd2 {[%clk 1:26:26]} 8... Nxd4 {
[%clk 1:26:30]} 9. exd4 {[%clk 1:26:40]} 9... Qa5 {[%clk 1:25:56]} 10. Ne2 {
[%clk 1:26:15]} 10... Ne4 {[%clk 1:25:16]} 11. Bxb4 {[%clk 1:26:35]} 11...
Qxb4+ {[%clk 1:25:30]} 12. Nc3 {[%clk 1:26:03]} 12... Qxc3+ {[%clk 1:25:34]}
13. Ke2 {[%clk 1:26:27]} 13... Qb4 {[%clk 1:24:24]} 14. Ke3 {[%clk 1:24:13]}
14... O-O {[%clk 1:21:05]} 15. Bd3 15... f5 {[%clk 1:20:31]} 16. f3 { [%clk
1:19:29]} 16... Nf6 {[%clk 1:19:53]} 17. Rc1 {[%clk 1:16:26]} 17... Re8 { [%clk
1:18:19]} 18. h4 {[%clk 1:15:31]} 18... e5 {[%clk 1:16:31]} 19. dxe5 { [%clk
1:14:11]} 19... Rxe5+ {[%clk 1:14:25]} 20. Kf4 {[%clk 1:12:22]} 20... Qd6
{[%clk 1:09:41]} 21. Kg5 {[%clk 1:10:10]} 21... f4+ {[%clk 1:09:05]} 0-1

[Event "ODJM C 2019"]
[Site "Willingen GER"]
[Date "2019.06.15"]
[Round "9"]
[White "Sinka, Silas"]
[Black "Welker, Alexandra"]
[Result "1/2-1/2"]
[Termination "normal"]
[Board "4"]
[WhiteElo "1292"]
[BlackElo "1342"]
[WhiteClock "00:34:21"]
[BlackClock "00:32:17"]
[PlyCount "87"]
[WhiteFideId "16265823"]
[BlackFideId "16265360"]
[EventCountry "GER"]
[EventRounds "9"]
[EventType "swiss"]
[EventDate "2019.06.08"]

1. d4 {[%clk 1:31:00]} 1... d5 {[%clk 1:30:52]} 2. Nf3 {[%clk 1:31:23]} 2... c6
{[%clk 1:31:12]} 3. b3 {[%clk 1:31:48]} 3... Nf6 {[%clk 1:31:30]} 4. Bb2 {
[%clk 1:32:13]} 4... e6 {[%clk 1:31:40]} 5. Nbd2 {[%clk 1:32:34]} 5... Nbd7 {
[%clk 1:30:58]} 6. e3 {[%clk 1:32:54]} 6... Bd6 {[%clk 1:30:45]} 7. Bd3 { [%clk
1:33:19]} 7... O-O {[%clk 1:30:55]} 8. Qe2 {[%clk 1:33:38]} 8... c5 { [%clk
1:29:39]} 9. Ne5 {[%clk 1:32:38]} 9... Qc7 {[%clk 1:26:43]} 10. f4 { [%clk
1:32:48]} 10... cxd4 {[%clk 1:24:53]} 11. exd4 {[%clk 1:32:59]} 11... Bb4
{[%clk 1:23:06]} 12. c4 {[%clk 1:31:43]} 12... dxc4 {[%clk 1:19:29]} 13. Nexc4
{[%clk 1:31:49]} 13... Qxf4 {[%clk 1:18:43]} 14. a3 {[%clk 1:18:13]} 14... Be7
{[%clk 1:14:29]} 15. Nf3 {[%clk 1:16:43]} 15... Nd5 {[%clk 1:12:09]} 16. O-O {
[%clk 1:11:52]} 16... Qc7 {[%clk 1:04:57]} 17. Nfe5 {[%clk 1:05:57]} 17... N7f6
{[%clk 1:00:28]} 18. Rf3 {[%clk 1:02:36]} 18... b5 {[%clk 0:57:03]} 19. Nd2 {
[%clk 0:59:25]} 19... a6 {[%clk 0:57:09]} 20. Raf1 {[%clk 0:59:26]} 20... Bb7 {
[%clk 0:55:58]} 21. Rh3 {[%clk 0:58:41]} 21... g6 {[%clk 0:49:27]} 22. Ne4 {
[%clk 0:56:51]} 22... Nxe4 {[%clk 0:47:29]} 23. Bxe4 {[%clk 0:57:11]} 23... f5
{[%clk 0:45:49]} 24. Bd3 {[%clk 0:56:50]} 24... Qd6 {[%clk 0:45:07]} 25. g4 {
[%clk 0:46:17]} 25... fxg4 {[%clk 0:42:38]} 26. Qxg4 {[%clk 0:46:28]} 26...
Rxf1+ {[%clk 0:42:36]} 27. Bxf1 {[%clk 0:46:42]} 27... Nf6 {[%clk 0:42:16]} 28.
Qg3 {[%clk 0:46:12]} 28... Ne4 {[%clk 0:41:18]} 29. Qg2 {[%clk 0:43:54]} 29...
Ng5 {[%clk 0:34:49]} 30. Qxb7 {[%clk 0:44:03]} 30... Nxh3+ {[%clk 0:35:08]} 31.
Bxh3 {[%clk 0:44:26]} 31... Rb8 {[%clk 0:34:23]} 32. Qd7 {[%clk 0:44:25]} 32...
Rd8 {[%clk 0:33:07]} 33. Bxe6+ {[%clk 0:43:44]} 33... Kg7 {[%clk 0:33:12]} 34.
Qxd6 {[%clk 0:43:39]} 34... Bxd6 {[%clk 0:33:12]} 35. d5 {[%clk 0:43:03]} 35...
Kf8 {[%clk 0:32:38]} 36. Nf7 {[%clk 0:42:57]} 36... Bc5+ {[%clk 0:32:40]} 37.
Kg2 {[%clk 0:42:23]} 37... Rb8 {[%clk 0:33:01]} 38. b4 {[%clk 0:40:02]} 38...
Be7 {[%clk 0:33:00]} 39. d6 {[%clk 0:40:04]} 39... Bxd6 {[%clk 0:32:42]} 40.
Nxd6 {[%clk 0:40:24]} 40... Ke7 {[%clk 0:33:04]} 41. Bc8 {[%clk 0:37:51]} 41...
Kxd6 {[%clk 0:32:51]} 42. Bg4 {[%clk 0:36:54]} 42... h5 {[%clk 0:32:57]} 43.
Bf3 {[%clk 0:36:46]} 43... Ke6 {[%clk 0:32:17]} 44. Be4 {[%clk 0:34:21]}
1/2-1/2

[Event "ODJM C 2019"]
[Site "Willingen GER"]
[Date "2019.06.15"]
[Round "9"]
[White "Arnold, Rubina"]
[Black "Fischer, John"]
[Result "1-0"]
[Termination "normal"]
[Board "5"]
[WhiteElo "1329"]
[BlackElo "1374"]
[WhiteClock "00:58:42"]
[BlackClock "00:08:02"]
[PlyCount "119"]
[WhiteFideId "16276272"]
[BlackFideId "16268679"]
[EventCountry "GER"]
[EventRounds "9"]
[EventType "swiss"]
[EventDate "2019.06.08"]

1. e4 {[%clk 1:30:57]} 1... d5 {[%clk 1:30:26]} 2. exd5 {[%clk 1:31:04]} 2...
Qxd5 {[%clk 1:30:34]} 3. Nc3 {[%clk 1:31:12]} 3... Qa5 {[%clk 1:30:20]} 4. Bc4
{[%clk 1:30:49]} 4... Nf6 {[%clk 1:30:09]} 5. d3 {[%clk 1:30:08]} 5... c6 {
[%clk 1:29:16]} 6. Bd2 {[%clk 1:29:33]} 6... Qc7 {[%clk 1:27:53]} 7. Qe2 {
[%clk 1:28:50]} 7... Bg4 {[%clk 1:25:43]} 8. f3 {[%clk 1:28:37]} 8... Bh5 {
[%clk 1:26:05]} 9. O-O-O {[%clk 1:28:26]} 9... Nbd7 {[%clk 1:25:21]} 10. g4 {
[%clk 1:28:00]} 10... Bg6 {[%clk 1:24:23]} 11. f4 {[%clk 1:27:35]} 11... h5 {
[%clk 1:23:51]} 12. g5 {[%clk 1:27:08]} 12... Nh7 {[%clk 1:19:09]} 13. Nf3 {
[%clk 1:23:22]} 13... O-O-O {[%clk 1:19:11]} 14. Nh4 {[%clk 1:22:17]} 14... e6
{[%clk 1:16:05]} 15. Bxe6 {[%clk 1:22:15]} 15... Re8 {[%clk 1:11:35]} 16. Bxd7+
{[%clk 1:22:29]} 16... Qxd7 {[%clk 1:11:54]} 17. Qf2 {[%clk 1:22:31]} 17... Bf5
{[%clk 1:03:15]} 18. Qxa7 {[%clk 1:22:36]} 18... Bd6 {[%clk 1:00:00]} 19. Nxf5
{[%clk 1:19:26]} 19... Qxf5 {[%clk 0:59:44]} 20. Qd4 {[%clk 1:19:12]} 20... Rd8
{[%clk 0:54:20]} 21. Qe4 {[%clk 1:17:46]} 21... Qa5 {[%clk 0:47:29]} 22. f5 {
[%clk 1:13:51]} 22... Bb4 {[%clk 0:40:28]} 23. a3 {[%clk 1:10:52]} 23... Bxc3 {
[%clk 0:39:31]} 24. Bxc3 {[%clk 1:08:18]} 24... Qc7 {[%clk 0:37:56]} 25. Qe5 {
[%clk 1:07:49]} 25... Qxe5 {[%clk 0:31:41]} 26. Bxe5 {[%clk 1:08:06]} 26... f6
{[%clk 0:23:00]} 27. gxf6 {[%clk 1:07:41]} 27... Nxf6 {[%clk 0:23:25]} 28. Bxf6
{[%clk 1:08:01]} 28... gxf6 {[%clk 0:23:50]} 29. Rde1 {[%clk 1:08:19]} 29...
Rd5 {[%clk 0:24:09]} 30. Rhf1 {[%clk 1:08:03]} 30... Rg8 {[%clk 0:24:24]} 31.
Re6 {[%clk 1:08:12]} 31... Rf8 {[%clk 0:23:51]} 32. b4 {[%clk 1:07:54]} 32...
Kd7 {[%clk 0:24:10]} 33. Kd2 {[%clk 1:07:54]} 33... Rxf5 {[%clk 0:24:19]} 34.
Rxf5 {[%clk 1:07:58]} 34... Kxe6 {[%clk 0:24:43]} 35. Rxh5 {[%clk 1:08:14]}
35... f5 {[%clk 0:25:00]} 36. Ke3 {[%clk 1:07:50]} 36... Rg8 {[%clk 0:21:08]}
37. h3 {[%clk 1:07:05]} 37... Rg2 {[%clk 0:20:41]} 38. Rh6+ Kd5 39. h4 { [%clk
1:06:10]} 39... Rxc2 {[%clk 0:19:06]} 40. h5 {[%clk 1:06:23]} 40... Rh2 { [%clk
0:17:52]} 41. Rh8 {[%clk 1:06:31]} 41... Rh3+ {[%clk 0:18:14]} 42. Kf4 { [%clk
1:05:47]} 42... Ke6 {[%clk 0:18:16]} 43. h6 {[%clk 1:04:52]} 43... Rh4+ { [%clk
0:12:13]} 44. Kg5 {[%clk 1:04:40]} 44... Rg4+ {[%clk 0:12:32]} 45. Kh5 { [%clk
1:04:58]} 45... Rg1 {[%clk 0:10:05]} 46. h7 {[%clk 1:02:02]} 46... Rh1+ { [%clk
0:10:27]} 47. Kg5 {[%clk 1:02:26]} 47... Rg1+ {[%clk 0:09:12]} 48. Kf4 { [%clk
1:02:46]} 48... Rf1+ {[%clk 0:09:13]} 49. Kg3 49... Kf7 {[%clk 0:08:32]} 50.
Rf8+ {[%clk 1:03:09]} 50... Kxf8 {[%clk 0:08:58]} 51. h8=Q+ {[%clk 1:03:30] }
51... Kf7 {[%clk 0:09:02]} 52. Qh7+ {[%clk 1:03:39]} 52... Ke6 { [%clk
0:09:23]} 53. Qxb7 {[%clk 1:03:36]} 53... Ke5 54. Qxc6 {[%clk 1:01:09]} 54...
Rg1+ {[%clk 0:08:31]} 55. Kf2 {[%clk 1:01:04]} 55... Rg4 {[%clk 0:08:31]} 56.
b5 {[%clk 1:00:54]} 56... Rf4+ {[%clk 0:08:34]} 57. Ke3 57... Rg4 { [%clk
0:08:47]} 58. Qc5+ {[%clk 1:00:40]} 58... Ke6 {[%clk 0:07:48]} 59. b6 { [%clk
1:00:23]} 59... Rg3+ {[%clk 0:08:02]} 60. Kd4 {[%clk 0:58:42]  Kd5+} 1-0